Fourth international symposium on sodium valproate and epilepsy : (Record no. 3755)

000 -LEADER
fixed length control field 00875nam a2200253 a 4500
003 - CONTROL NUMBER IDENTIFIER
control field UkOxU
005 - DATE AND TIME OF LATEST TRANSACTION
control field 20220208080129.0
008 - FIXED-LENGTH DATA ELEMENTS--GENERAL INFORMATION
fixed length control field 900509s1989 enk o000 0 eng d
020 ## - INTERNATIONAL STANDARD BOOK NUMBER
International Standard Book Number 1853151106
040 ## - CATALOGING SOURCE
Transcribing agency UkOxU
050 #0 - LIBRARY OF CONGRESS CALL NUMBER
Classification number RC374
Item number .C481989
092 ## - LOCALLY ASSIGNED DEWEY CALL NUMBER (OCLC)
Classification number D0400717473
111 2# - MAIN ENTRY--MEETING NAME
Number of part/section/meeting (4th :
Date of meeting or treaty signing 1989 :
245 10 - TITLE STATEMENT
Title Fourth international symposium on sodium valproate and epilepsy :
Remainder of title proceedings of a symposium sponsored by Sanofi Pharma (UK), held in St Helier, Jersey ... April, 1989 /
Statement of responsibility, etc. edited by David Chadwick
260 ## - PUBLICATION, DISTRIBUTION, ETC.
Place of publication, distribution, etc. London :
Name of publisher, distributor, etc. Royal Society of Medicine Services,
Date of publication, distribution, etc. 1989
300 ## - PHYSICAL DESCRIPTION
Extent xxix, 282 p
504 ## - BIBLIOGRAPHY, ETC. NOTE
Bibliography, etc. note Includes remarks
650 #0 - SUBJECT ADDED ENTRY--TOPICAL TERM
Topical term or geographic name entry element Epilepsy
General subdivision Chemotherapy
650 #0 - SUBJECT ADDED ENTRY--TOPICAL TERM
Topical term or geographic name entry element Valproic acid
General subdivision Therapeutic use
700 1# - ADDED ENTRY--PERSONAL NAME
Personal name Chadwick, David
Titles and other words associated with a name (Neurologist)
830 #0 - SERIES ADDED ENTRY--UNIFORM TITLE
Volume/sequential designation 152
942 ## - ADDED ENTRY ELEMENTS (KOHA)
Source of classification or shelving scheme
Koha item type Book
Holdings
Withdrawn status Lost status Source of classification or shelving scheme Damaged status Not for loan Permanent Location Current Location Shelving location Date acquired Source of acquisition Total Checkouts Full call number Barcode Date last seen Copy number Price effective from Koha item type Public note
          AU LIBRARY AU LIBRARY Open Shelf 08.02.2022 DONATION FROM MOI UNIVERSITY   RC374 .C48 1989 C1 28005407 08.02.2022 1 08.02.2022 Book WO
          AU LIBRARY AU LIBRARY Open Shelf 08.02.2022 DONATION FROM MOI UNIVERSITY   RC374 .C48 1989 C2 28005402 08.02.2022 2 08.02.2022 Book WO
          AU LIBRARY AU LIBRARY Open Shelf 08.02.2022 DONATION FROM MOI UNIVERSITY   RC374 .C48 1989 C3 28005403 08.02.2022 3 08.02.2022 Book WO
          AU LIBRARY AU LIBRARY Open Shelf 11.02.2022 DONATION FROM MOI UNIVERSITY   RC374 .C48 1989 C4 28005298 11.02.2022 4 11.02.2022 Book MM
          AU LIBRARY AU LIBRARY Open Shelf 24.02.2022 DONATION FROM MOI UNIVERSITY   RC374 .C48 1989 C5 28005826 24.02.2022 5 24.02.2022 Book WO
          AU LIBRARY AU LIBRARY Open Shelf 18.03.2022 DONATION FROM MOI UNIVERSITY   RC374.C48 1989 C6 28005976 18.03.2022 6 18.03.2022 Book WO
          AU LIBRARY AU LIBRARY Open Shelf 25.03.2022 DONATION FROM MOI UNIVERSITY   RC374 .C48 1989 C7 28006641 25.03.2022 7 25.03.2022 Book WO
          AU LIBRARY AU LIBRARY Open Shelf 29.03.2022 DONATION FROM MOI UNIVERSITY   RC374 .C48 1989 C8 28011690 29.03.2022 8 29.03.2022 Book WO
          AU LIBRARY AU LIBRARY Open Shelf 30.03.2022 DONATION FROM MOI UNIVERSITY   RC374 .C48 1989 C9 28011753 30.03.2022 9 30.03.2022 Book DO
          AU LIBRARY AU LIBRARY Open Shelf 30.03.2022 DONATION FROM MOI UNIVERSITY   RC374 .C48 1989 C10 28011819 30.03.2022 10 30.03.2022 Book WO
          AU LIBRARY AU LIBRARY Open Shelf 22.06.2022 DONATION FROM MOI UNIVERSITY   RC374 .C48 1989 C11 28008062 22.06.2022 11 22.06.2022 Book WO
          AU LIBRARY AU LIBRARY Open Shelf 24.06.2022 DONATION FROM MOI UNIVERSITY   RC374 .C48 1989 C12 28007901 24.06.2022 12 24.06.2022 Book JO

Powered by Koha